Państwo, którego nazwa kończy się na „-nia”. - Statystyki

Ogólne statystyki
  • Ten quiz został rozwiązany 49 razy
  • Średni wynik to 4 z 8
Statystyki odpowiedzi
Odpowiedź % Poprawnych
Dania
73%
Hiszpania
73%
Rumunia
53%
Słowenia
47%
Japonia
45%
Albania
43%
Estonia
43%
Macedonia
37%
Nie znaleziono quizów pasujących do podanych kryteriów
Rozkład punktacji
Procent ludzi z każdym wynikiem
Percentyl według liczby udzielonych odpowiedzi
Twoja historia wyników
Nie rozwiązałeś tego quizu